000 00749cam a22002533a 4500
001 15384
003 PGUSA
005 20140828083329.0
008 050316s2005||||xxu|||||s|||||000 1 eng d
040 _aPGUSA
_beng
042 _adc
050 4 _aPS
100 1 _aWebster, Henry Kitchell,
_d1875-1932
245 1 4 _aThe Real Adventure
_h[electronic resource] /
_cHenry Kitchell Webster
260 _bProject Gutenberg,
_c2005
506 _aPublic domain in the USA.
516 _aElectronic text
653 _aMan-woman relationships -- Fiction
653 _aMarried people -- Fiction
700 1 _aCrosby, Raymond Moreau,
_d1876-1945
830 0 _aProject Gutenberg
_v15384
856 4 0 _uhttp://www.gutenberg.org/ebooks/15384
942 _cEB
999 _c244639
_d244639